000 00610nam a22002297a 4500
003 UA-OsUOA
001 81777
007 ta
008 20120207b un ||||| |||| 00| 0 ukr d
100 _aОстровський М.
090 _a821.161.2
_bО-77
942 _cBK
040 _aUA-OsUOA
_bukr
_cUA-OsUOA
_dUA-OsUOA
245 _aТвори в трьох томах
_bроман
_n3
300 _a488 с.
955 _a3
041 _aukr
080 _a821.161.2
260 _aК.
_bМолодь
_c1979
650 7 _a82 Література. Літературознавство
_2UDC
999 _c368085
_d368085